000 00894nam a2200277Ia 4500
003 OSt
005 20221005084253.0
006 a|||||r|||| 00| 0
007 ta
008 221004b |||||||| |||| 00| 0 eng d
020 _a0691092494
_c1752.60
024 _a83264
037 _b3649, 30/03/2005, Efficient Book Distributors
_cTextual
040 _aCRL
_cCRL
_beng
041 _2eng
_aeng
082 _aR39(S:45), P3
100 _aEddy Beth
_9613171
245 0 _aRites of identity
_b The religious naturalism and cultural criticism of Kenneth Burke and Ralph Ellison
260 _aNew Jersey
_bPrinceton University Press
_c2003
300 _a204p.
_ccm.
650 _a CONSCIOUSNESS
650 _a PHILOSOPHY
650 _aMETAPHYSICS
942 _hR39(S:45), P3
_cTEXL
_2cc
999 _c992263
_d992263